Poetas castellanos anteriores al siglo XV
Guardat en:
| Format: | Llibre |
|---|---|
| Idioma: | Undetermined |
| Publicat: |
Madrid, España
Rivadeneyra
1864
|
| Edició: | aumentada e ilustrada |
| Matèries: | |
| Accés en línia: | Acceso al texto completo |
| Etiquetes: |
Afegir etiqueta
Sense etiquetes, Sigues el primer a etiquetar aquest registre!
|
MARC
| LEADER | 00000nam a2200000Ia 4500 | ||
|---|---|---|---|
| 008 | 170316s9999 xx 000 0 und d | ||
| 040 | |a cru BVZT | ||
| 090 | |a R-413 P-3p BAE | ||
| 245 | |a Poetas castellanos anteriores al siglo XV |c Tomás Antonio Sánchez, compilador | ||
| 250 | |a aumentada e ilustrada | ||
| 260 | |a Madrid, España | ||
| 260 | |b Rivadeneyra | ||
| 260 | |c 1864 | ||
| 300 | |a 600 páginas | ||
| 505 | |r Compilación continuada por Pedro José Pidal, y aumentada e ilustada por Florencio Janer | ||
| 650 | |a REFERENCIA | ||
| 650 | |a POESÍA | ||
| 650 | |a CID | ||
| 856 | |u https://babel.hathitrust.org/cgi/pt?id=ucm.5322571896;view=1up;seq=9 |y Acceso al texto completo | ||
| 942 | |c REF | ||
| 999 | |c 14844 |d 14844 | ||
